| 000 | 01116cam a2200277 4500 | ||
|---|---|---|---|
| 008 | 040913t2013 000 0 eng u | ||
| 041 | _aeng | ||
| 110 | 2 |
_aRoyal Institution of Chartered Surveyors _94900 |
|
| 245 | 0 | 0 |
_aAn Investigation into the Relationship between Land Administration and Economic Development _h[electronic resource] |
| 260 |
_aLondon, _bRICS, _cJune 2013 |
||
| 300 | _a32p. | ||
| 490 | 0 | _aRICS Research | |
| 520 | _aIn this research, the land titling program of Thailand is studied as a successful example of this process and the surveying settlement program in Bangladesh is selected as a detailed comparative case study | ||
| 650 | 2 | 4 | _aLAND USE |
| 651 | 4 | _aLAND | |
| 662 | _aThailand | ||
| 662 | _aBangladesh | ||
| 690 |
_aRICS _96277 |
||
| 700 | 1 | _aWyatt, Pete | |
| 700 | 1 | _aSubedi, Gandhi | |
| 700 | 1 | _aEriksson, Clare | |
| 700 | 1 | _aRowlands, James | |
| 700 | 1 | _aJohal, Amanprit | |
| 856 | 4 | 8 |
_uhttp://www.propertyresearchtrust.org/uploads/1/3/4/8/134819607/land_administration_and_economic_development.pdf _zAvailable from the Property Research Trust |
| 942 |
_n0 _2ddc |
||
| 999 |
_c121761 _d121761 |
||